Impact of the Covid-19 Pandemic on the Automotive Industry in Slovakia and Selected Countries

Súčasné účinky pandémie a opatrení v automobilovom priemysle v Slovenskej republike a vo vybraných krajinách. Charakteristika automobilového priemyslu.

Gespeichert in:
Bibliographische Detailangaben
1. Verfasser: Kufelová, Iveta, 1970-
Weitere Verfasser: Raková, Monika, 1991-
Format: Buchkapitel
Sprache:Englisch
Schlagworte:
Tags: Tag hinzufügen
Keine Tags, Fügen Sie das erste Tag hinzu!

MARC

LEADER 00000naa$a2200000$$$4500
001 0270443
005 20240502083813.6
041 0 |a eng 
044 |a FR 
245 1 0 |a Impact of the Covid-19 Pandemic on the Automotive Industry in Slovakia and Selected Countries  |c Iveta Kufelová, Monika Raková 
520 |a Súčasné účinky pandémie a opatrení v automobilovom priemysle v Slovenskej republike a vo vybraných krajinách. Charakteristika automobilového priemyslu. 
610 2 0 |a pandémia 
610 2 0 |a koronavírus 
610 2 0 |a priemysel automobilový 
610 2 0 |a Slovensko 
100 1 |a Kufelová, Iveta, 1970- 
700 1 |a Raková, Monika, 1991-